[Event "Sochi ChessAmateur op"]
[Site "Sochi"]
[Date "2018.04.06"]
[Round "8"]
[White "Sotnikov, Alexander"]
[Black "Tuychiev, Elbek"]
[Result "1-0"]
[WhiteElo "1688"]
[BlackElo "1649"]
[PlyCount "69"]
[EventDate "2018.04.01"]
[EventType "swiss"]
[EventRounds "9"]
[EventCountry "RUS"]
[SourceTitle "CBM 184 Extra"]
[Source "ChessBase"]
[SourceDate "2018.06.28"]
[SourceVersion "1"]
[SourceVersionDate "2018.06.28"]
[SourceQuality "1"]

1. e4 c5 2. Nf3 d6 3. d4 cxd4 4. Nxd4 Nc6 5. Nc3 a6 6. Bc4 Nf6 7. Bb3 e5 8. Nde2 Be7 9. Bg5 Be6 10. Bxf6 Bxf6 11. 0-0 0-0 12. Nd5 Kh8 13. Nec3 Nd4 14. Ne2 Bg4 15. f3 Be6 16. c3 Nxe2+ 17. Qxe2 Bxd5 18. Bxd5 Qb6+ 19. Qf2 Qc7 20. Rfc1 Be7 21. a4 f5 22. exf5 Rxf5 23. b4 a5 24. Rab1 Rb8 25. Qa7 Bg5 26. Rc2 Rf4 27. g3 Rxb4 28. cxb4 Be3+ 29. Qxe3 Qxc2 30. Qb3 Qd2 31. Rd1 Qxb4 32. Qxb4 axb4 33. Rb1 g6 34. Rxb4 Ra8 35. Bxb7 1-0

[Event "Sochi ChessAmateur op"]
[Site "Sochi"]
[Date "2018.04.04"]
[Round "6"]
[White "Sotnikov, Alexander"]
[Black "Shadura, Aleksandr"]
[Result "0-1"]
[WhiteElo "1688"]
[BlackElo "2032"]
[PlyCount "52"]
[EventDate "2018.04.01"]
[EventType "swiss"]
[EventRounds "9"]
[EventCountry "RUS"]
[SourceTitle "CBM 184 Extra"]
[Source "ChessBase"]
[SourceDate "2018.06.28"]
[SourceVersion "1"]
[SourceVersionDate "2018.06.28"]
[SourceQuality "1"]

1. e4 c5 2. Nf3 a6 3. d4 cxd4 4. Nxd4 Nf6 5. Nc3 e5 6. Nf3 Bb4 7. Bd2 Nc6 8. Bc4 d6 9. Qe2 Bg4 10. h3 Nd4 11. Qd3 Bxf3 12. gxf3 Nd7 13. 0-0-0 Rc8 14. Nd5 Bxd2+ 15. Rxd2 Qg5 16. f4 Qg2 17. Rdd1 Nc5 18. Qd2 Nxe4 19. Qb4 Qxf2 20. Rxd4 Qxd4 21. Qxb7 0-0 22. Ne7+ Kh8 23. Nxc8 Qxc4 24. Nb6 Qd4 25. fxe5 Qd2+ 26. Kb1 Qg2 0-1